000 00539nam a2200217Ia 4500
003 OSt
005 20221005124846.0
006 a|||||r|||| 00| 0
007 ta
008 221004b |||||||| |||| 00| 0 eng d
024 _a120270
037 _cTextual
040 _aCRL
_cCRL
_beng
041 _2eng
_aeng
100 _aTondon Prem Narayan
_9635861
245 0 _aNirala
_b Vaktitiv aur Krititav
260 _c1962
650 _aHINDI LITERATURE
_923866
942 _cTEXL
_2cc
999 _c1051902
_d1051902